[Event "Rhein Main op-B 24th"]
[Site "Bad Homburg"]
[Date "2022.06.15"]
[Round "1"]
[White "Ghaznavi, Massoud"]
[Black "Zimmer, Gerald"]
[Result "0-1"]
[WhiteElo "1501"]
[BlackElo "1912"]
[PlyCount "86"]
[EventDate "2022.06.15"]
[EventType "swiss"]
[EventRounds "7"]
[EventCountry "GER"]
[SourceTitle "EXT 2023"]
[Source "ChessBase"]
[SourceDate "2022.10.05"]
[SourceVersion "1"]
[SourceVersionDate "2022.10.05"]
[SourceQuality "1"]

1. d4 Nf6 2. Nc3 d5 3. Nf3 Bf5 4. e3 e6 5. Bd3 Bg4 6. h3 Bh5 7. a3 Be7 8. Bd2 Nbd7 9. 0-0 c6 10. e4 dxe4 11. Nxe4 Nxe4 12. Bxe4 Nf6 13. Bd3 Bxf3 14. Qxf3 Qxd4 15. Bc3 Qd5 16. Qe2 0-0 17. Rad1 Qh5 18. Qe1 Rfd8 19. Bxf6 Bxf6 20. Be2 Qe5 21. c3 Rd5 22. Rxd5 cxd5 23. Qd1 Rd8 24. Bd3 Qd6 25. Qc2 h6 26. Qe2 e5 27. Rd1 Qc5 28. Qh5 Bg5 29. Bc2 e4 30. h4 g6 31. Qg4 Bf6 32. h5 Kg7 33. hxg6 fxg6 34. Qe2 Bg5 35. Rd4 Bf6 36. Rb4 b6 37. Qa6 Rd7 38. Rb5 Qc4 39. Bb3 Qe2 40. Bxd5 Qe1+ 41. Kh2 Be5+ 42. g3 Qxf2+ 43. Kh1 Bxg3 0-1

[Event "Heusenstamm Sparkassen op-B 6th"]
[Site "Heusenstamm"]
[Date "2019.11.24"]
[Round "7"]
[White "Ghaznavi, Massoud"]
[Black "Werner, Florin"]
[Result "0-1"]
[WhiteElo "1562"]
[BlackElo "1297"]
[PlyCount "120"]
[EventDate "2019.11.21"]
[EventType "swiss"]
[EventRounds "7"]
[EventCountry "GER"]
[SourceTitle "CBM 194 Extra"]
[Source "ChessBase"]
[SourceDate "2020.03.31"]
[SourceVersion "1"]
[SourceVersionDate "2020.03.31"]
[SourceQuality "1"]

1. e4 e5 2. Nf3 Nc6 3. d4 exd4 4. Nxd4 Nxd4 5. Qxd4 d6 6. Be3 Nf6 7. Nc3 Be7 8. Be2 Be6 9. Rd1 0-0 10. a3 c6 11. e5 dxe5 12. Qxe5 Qc8 13. Qg3 Rd8 14. 0-0 Bd6 15. Bf4 Bxf4 16. Rxd8+ Qxd8 17. Qxf4 Qe7 18. Re1 Qd8 19. Bd3 Qd7 20. Ne4 Nxe4 21. Qxe4 g6 22. Qh4 Kg7 23. Qf4 Rd8 24. Qe5+ Kg8 25. h4 Qd6 26. Qa5 Qd4 27. h5 Rd5 28. Qc7 Rxh5 29. Qb8+ Kg7 30. Qxb7 Bd5 31. Re3 Qg4 32. Bf1 Qf4 33. Rg3 Rf5 34. Qxa7 h5 35. Qe3 Qd6 36. Qd4+ Kh7 37. b4 Rf4 38. Qd2 Rh4 39. c4 Rh1+ 40. Kxh1 Bxg2+ 41. Kxg2 Qxd2 42. c5 Qd5+ 43. Kh2 Qe5 44. Kg1 Kh6 45. Re3 Qg5+ 46. Rg3 Qf4 47. Bg2 h4 48. Rf3 Qc1+ 49. Kh2 f5 50. Re3 f4 51. Re4 Kg5 52. Re6 Qxa3 53. Bxc6 Qxb4 54. Rd6 f3 55. Rd5+ Kh6 56. Kh3 Qe1 57. Rd3 Qh1+ 58. Kg4 Qg2+ 59. Kf4 Qxf2 60. Rxf3 Qxc5 0-1

[Event "Heusenstamm Sparkassen op-B 6th"]
[Site "Heusenstamm"]
[Date "2019.11.22"]
[Round "3"]
[White "Fuchs, Henrik"]
[Black "Ghaznavi, Massoud"]
[Result "1-0"]
[WhiteElo "1348"]
[BlackElo "1562"]
[PlyCount "73"]
[EventDate "2019.11.21"]
[EventType "swiss"]
[EventRounds "7"]
[EventCountry "GER"]
[SourceTitle "CBM 194 Extra"]
[Source "ChessBase"]
[SourceDate "2020.03.31"]
[SourceVersion "1"]
[SourceVersionDate "2020.03.31"]
[SourceQuality "1"]

1. d4 d5 2. c4 Nf6 3. Nf3 Bg4 4. e3 e6 5. h3 Bh5 6. Nbd2 c5 7. Be2 Nbd7 8. b3 Be7 9. Ba3 Qa5 10. Bxc5 Bxc5 11. dxc5 Qxc5 12. 0-0 0-0 13. cxd5 Nxd5 14. Ne4 Qe7 15. Qd4 b6 16. g4 Bg6 17. Ne5 Bxe4 18. Qxe4 f5 19. Qd4 Nxe5 20. Qxe5 Rad8 21. Rfd1 f4 22. Bc4 Qf6 23. Qxf6 Rxf6 24. e4 Kf8 25. exd5 b5 26. Bxb5 exd5 27. Rd4 g5 28. Rad1 Rfd6 29. Bc4 Rh6 30. Kg2 f3+ 31. Kg3 Rg6 32. Rxd5 Re8 33. Rf5+ Kg7 34. Rd7+ Kh6 35. Bf7 Re2 36. Bxg6 hxg6 37. Rff7 1-0

[Event "Eschborn op"]
[Site "Eschborn"]
[Date "2019.08.17"]
[Round "2.33"]
[White "Senatov, Boris"]
[Black "Ghaznavi, Massoud"]
[Result "1-0"]
[WhiteElo "1727"]
[BlackElo "1475"]
[PlyCount "111"]
[EventDate "2019.08.16"]
[EventType "swiss"]
[EventRounds "5"]
[EventCountry "GER"]
[SourceTitle "EXT 2024"]
[Source "ChessBase"]
[SourceDate "2023.10.10"]
[SourceVersion "1"]
[SourceVersionDate "2023.10.10"]
[SourceQuality "1"]

1. e4 c6 2. d4 d5 3. Nc3 Nf6 4. e5 Nfd7 5. f4 e6 6. Nf3 Be7 7. Be3 a6 8. a4 Qb6 9. a5 Qc7 10. Bd3 Bb4 11. f5 exf5 12. Bxf5 Nxe5 13. Bxc8 Nxf3+ 14. Qxf3 Qxc8 15. 0-0 0-0 16. Qg3 Qe6 17. Ne2 Re8 18. Rf3 Bd6 19. Nf4 Nd7 20. Nxe6 Bxg3 21. Nxg7 Bxh2+ 22. Kxh2 Kxg7 23. Rg3+ Kh8 24. Bh6 Rg8 25. Rf3 Rg6 26. Bd2 Re8 27. Rxf7 Re2 28. Bf4 Rgxg2+ 29. Kh3 Rg7 30. Rf5 Kg8 31. Rf1 Rf7 32. Rg1+ Rg7 33. Rf1 Rg6 34. Bg3 Re3 35. R1f3 Rxf3 36. Rxf3 Nf6 37. Be5 Ne4 38. Rb3 Ng5+ 39. Kh4 Nf3+ 40. Rxf3 Rg2 41. Rg3+ Rxg3 42. Bxg3 Kg7 43. Kg4 Kg6 44. c3 h5+ 45. Kh4 Kf5 46. Kxh5 Ke4 47. Kg6 Kd3 48. Bd6 Kc4 49. Kf6 Kb3 50. Ke6 Ka4 51. b4 Kb5 52. Bc5 Kc4 53. Kd7 Kxc3 54. Kc7 Kc4 55. Kxb7 Kb5 56. Ka7 1-0

[Event "Rhein Main op-B 22nd"]
[Site "Bad Homburg"]
[Date "2019.06.19"]
[Round "1"]
[White "Ghaznavi, Massoud"]
[Black "Muehlpfordt, Werner"]
[Result "0-1"]
[WhiteElo "1601"]
[BlackElo "1973"]
[PlyCount "154"]
[EventDate "2019.06.19"]
[EventType "swiss"]
[EventRounds "7"]
[EventCountry "GER"]
[SourceTitle "EXT 2020"]
[Source "ChessBase"]
[SourceDate "2019.10.17"]
[SourceVersion "1"]
[SourceVersionDate "2019.10.17"]
[SourceQuality "1"]

1. c4 e5 2. d3 Nf6 3. Bd2 d5 4. e3 dxc4 5. Qa4+ Nc6 6. Qxc4 Be7 7. Be2 0-0 8. Nf3 Be6 9. Qa4 Nd5 10. a3 f5 11. Nc3 Bf6 12. Qc2 Kh8 13. Nxd5 Bxd5 14. e4 Be6 15. Bc3 Qe7 16. b4 Rad8 17. Rd1 g6 18. b5 Nd4 19. Nxd4 exd4 20. Bb4 Qf7 21. Bxf8 Bb3 22. Qc5 Bxd1 23. Bxd1 Rxf8 24. Bb3 Qe7 25. Qxe7 Bxe7 26. a4 fxe4 27. dxe4 c5 28. bxc6 bxc6 29. f3 Rb8 30. Bc2 Rb2 31. Kd2 c5 32. Rb1 Bg5+ 33. Kd1 Rxb1+ 34. Bxb1 Kg7 35. Bd3 Kf7 36. Kc2 Ke6 37. Bc4+ Kd6 38. a5 Be3 39. g3 Bg1 40. h3 Bf2 41. g4 g5 42. Kd3 Bg3 43. Bg8 h6 44. Bc4 Kc6 45. Ba6 Be1 46. Kc4 Bxa5 47. e5 Bd8 48. Bb5+ Kb6 49. Ba4 d3 50. Kxd3 Ka5 51. Bc2 Kb4 52. Ke4 a5 53. Kd5 c4 54. Kd6 Bb6 55. e6 Bc5+ 56. Kd7 a4 57. e7 Bxe7 58. Kxe7 a3 59. Bb1 Kb3 60. Kf6 Kb2 61. Be4 a2 62. Kg6 a1Q 63. Kxh6 Qc1 64. Kh5 Kc3 65. h4 gxh4 66. Kxh4 Qh6+ 67. Kg3 Kd4 68. Bf5 Ke3 69. Be4 Qg5 70. Kh3 c3 71. Kg3 Qf4+ 72. Kh4 Qxe4 73. fxe4 c2 74. e5 c1Q 75. Kh5 Kf4 76. e6 Qe3 77. g5 Qxe6 0-1

[Event "Hessen-chB"]
[Site "Frankfurt"]
[Date "2019.06.02"]
[Round "7"]
[White "Ghaznavi, Massoud"]
[Black "Shehab, Tarek"]
[Result "1-0"]
[WhiteElo "1601"]
[BlackElo "1585"]
[PlyCount "69"]
[EventDate "2019.05.30"]
[EventType "swiss"]
[EventRounds "7"]
[EventCountry "GER"]
[SourceTitle "EXT 2020"]
[Source "ChessBase"]
[SourceDate "2019.10.17"]
[SourceVersion "1"]
[SourceVersionDate "2019.10.17"]
[SourceQuality "1"]

1. c4 Nf6 2. d4 e6 3. Nc3 d5 4. e3 Be7 5. Bd3 dxc4 6. Bxc4 0-0 7. Bd3 Nbd7 8. Nf3 c5 9. 0-0 b6 10. Qc2 Re8 11. b3 Bf8 12. Bb2 Bb7 13. Ng5 g6 14. Rad1 cxd4 15. exd4 Nd5 16. Nge4 Rc8 17. Qb1 f5 18. Ng3 Nxc3 19. Bxc3 Rxc3 20. Bc4 b5 21. Ne2 bxc4 22. Nxc3 Nb6 23. bxc4 Qc7 24. c5 Qc6 25. f3 Bxc5 26. Nb5 Bf8 27. Nxa7 Qc7 28. Rc1 Qd6 29. Nb5 Qd7 30. Rc7 Qd5 31. Rd1 Ba8 32. Ra7 Rc8 33. Nc7 Rxc7 34. Rxc7 Bc6 35. Qxb6 1-0

[Event "Rhein Main op-B 21st"]
[Site "Bad Homburg"]
[Date "2018.06.02"]
[Round "6"]
[White "Drumm, Beate"]
[Black "Ghaznavi, Massoud"]
[Result "1-0"]
[WhiteElo "1481"]
[BlackElo "1622"]
[PlyCount "87"]
[EventDate "2018.05.30"]
[EventType "swiss"]
[EventRounds "7"]
[EventCountry "GER"]
[SourceTitle "EXT 2019"]
[Source "ChessBase"]
[SourceDate "2018.10.10"]
[SourceVersion "1"]
[SourceVersionDate "2018.10.10"]
[SourceQuality "1"]

1. d4 d5 2. c4 Nf6 3. Nc3 c6 4. Bg5 e6 5. e3 Be7 6. Nf3 h6 7. Bf4 Na6 8. a3 dxc4 9. Bxc4 b5 10. Bd3 Nh5 11. Bg3 0-0 12. Ne5 Nxg3 13. hxg3 Bb7 14. Qg4 f5 15. Qh5 Nc7 16. g4 Qe8 17. Qh3 Bc8 18. f4 Bf6 19. g5 Bxe5 20. dxe5 Qg6 21. gxh6 Bd7 22. 0-0-0 Kf7 23. Be2 Kg8 24. Rxd7 Rf7 25. Bh5 Qxh5 26. Qxh5 Rxd7 27. h7+ Kh8 28. Qf3 Nd5 29. Nxd5 cxd5 30. Kb1 Rad8 31. g4 Rf8 32. gxf5 Rxf5 33. Rc1 Rf8 34. Rc6 Re7 35. Qe2 Kxh7 36. Qxb5 Rff7 37. Qd3+ g6 38. Qf1 Kg7 39. Qh3 Rf5 40. Rc8 Rh5 41. Qg4 Kf7 42. Rc1 Rh6 43. Qg5 Rh5 44. Qf6+ 1-0

[Event "Rhein Main op-B 21st"]
[Site "Bad Homburg"]
[Date "2018.06.01"]
[Round "4"]
[White "Wu, Sifan"]
[Black "Ghaznavi, Massoud"]
[Result "1-0"]
[WhiteElo "1388"]
[BlackElo "1622"]
[PlyCount "159"]
[EventDate "2018.05.30"]
[EventType "swiss"]
[EventRounds "7"]
[EventCountry "GER"]
[SourceTitle "EXT 2019"]
[Source "ChessBase"]
[SourceDate "2018.10.10"]
[SourceVersion "1"]
[SourceVersionDate "2018.10.10"]
[SourceQuality "1"]

1. e4 c6 2. d4 d5 3. exd5 cxd5 4. Nc3 e6 5. Nf3 Nc6 6. Bb5 Bd7 7. 0-0 Bd6 8. Re1 Nge7 9. a3 0-0 10. Bd3 f5 11. Nb5 Nc8 12. Nxd6 Nxd6 13. b3 Rc8 14. Bb2 a6 15. Ne5 Nxe5 16. Rxe5 Nf7 17. Re2 Nh6 18. h3 Qh4 19. Qe1 Rc6 20. f3 Qf6 21. Qb4 Bc8 22. c4 Qd8 23. cxd5 exd5 24. Qd2 Nf7 25. Rc1 Rg6 26. f4 Nd6 27. Rf1 Bd7 28. Re5 Bc6 29. Qc2 Qc8 30. Rf3 Rff6 31. a4 Qd7 32. Ba3 Rf8 33. Bxd6 Qxd6 34. Bxf5 Rh6 35. Kh1 Bd7 36. Bxd7 Qxd7 37. Qc5 Rd6 38. Rfe3 b6 39. Qc1 Qf7 40. Rf3 Re8 41. Qa3 Rf6 42. Rxe8+ Qxe8 43. Qb4 Qe4 44. Kg1 Rc6 45. f5 h6 46. Qd2 Rf6 47. Qe3 Qxe3+ 48. Rxe3 Rxf5 49. Re6 Rf6 50. Rxf6 gxf6 51. Kf2 Kf7 52. Ke3 Ke6 53. Kf4 h5 54. g4 h4 55. g5 fxg5+ 56. Kxg5 Kd6 57. Kxh4 Ke6 58. Kg5 b5 59. axb5 axb5 60. b4 Ke7 61. h4 Kf7 62. h5 Kg7 63. Kf5 Kh6 64. Ke5 Kxh5 65. Kxd5 Kg5 66. Ke6 Kf4 67. d5 Ke4 68. d6 Kd4 69. d7 Kc4 70. d8Q Kxb4 71. Qd4+ Kb3 72. Qd3+ Ka4 73. Kd5 b4 74. Qc4 Ka3 75. Qa6+ Kb2 76. Kc4 b3 77. Qb5 Ka2 78. Qxb3+ Ka1 79. Qb4 Ka2 80. Kc3 1-0

[Event "Rhein Main op-B 21st"]
[Site "Bad Homburg"]
[Date "2018.05.31"]
[Round "2"]
[White "Koestler, Peter"]
[Black "Ghaznavi, Massoud"]
[Result "1-0"]
[WhiteElo "1822"]
[BlackElo "1622"]
[PlyCount "97"]
[EventDate "2018.05.30"]
[EventType "swiss"]
[EventRounds "7"]
[EventCountry "GER"]
[SourceTitle "EXT 2019"]
[Source "ChessBase"]
[SourceDate "2018.10.10"]
[SourceVersion "1"]
[SourceVersionDate "2018.10.10"]
[SourceQuality "1"]

1. d4 d5 2. Bf4 Bf5 3. e3 Nf6 4. Nf3 e6 5. c3 Bd6 6. Ne5 0-0 7. Nd2 h6 8. Be2 c5 9. h3 c4 10. b3 b5 11. a4 b4 12. cxb4 Bxb4 13. 0-0 Bxd2 14. Qxd2 Ne4 15. Qb4 c3 16. f3 Nd2 17. Rfc1 Qb6 18. Qxb6 axb6 19. Rxc3 Na6 20. e4 dxe4 21. Bxd2 Nb4 22. fxe4 Bxe4 23. Bf3 Bd5 24. Rcc1 Na6 25. Bxd5 exd5 26. Nd7 Rfe8 27. Nxb6 Rad8 28. Re1 Re6 29. a5 Re4 30. Bc3 f5 31. Rxe4 dxe4 32. Kf2 g5 33. Ke3 Re8 34. g3 Kf7 35. Rf1 Kg6 36. Rc1 Re7 37. d5 Re8 38. d6 Nc5 39. b4 f4+ 40. gxf4 gxf4+ 41. Ke2 Ne6 42. a6 e3 43. d7 Rd8 44. a7 Nc7 45. Be5 Ne6 46. Rc8 Kf5 47. Rxd8 Nxd8 48. a8Q Ne6 49. Qd5 1-0

[Event "Rhein Main op-B 20th"]
[Site "Bad Homburg"]
[Date "2017.06.15"]
[Round "3"]
[White "Cawston, M John"]
[Black "Ghaznavi, Massoud"]
[Result "0-1"]
[WhiteElo "1846"]
[BlackElo "1568"]
[PlyCount "48"]
[EventDate "2017.06.14"]
[EventType "swiss"]
[EventRounds "7"]
[EventCountry "GER"]
[SourceTitle "EXT 2018"]
[Source "ChessBase"]
[SourceDate "2017.10.13"]
[SourceVersion "1"]
[SourceVersionDate "2017.10.13"]
[SourceQuality "1"]

1. e4 e5 2. Nf3 d6 3. d4 Bg4 4. dxe5 Bxf3 5. Qxf3 dxe5 6. Bc4 Nf6 7. 0-0 Bd6 8. Nc3 Nbd7 9. Bg5 h6 10. Bh4 0-0 11. Rad1 Qe8 12. Rfe1 Be7 13. Rd2 c6 14. Red1 Nc5 15. b4 Ne6 16. Bxe6 fxe6 17. Qh3 Bxb4 18. Qxe6+ Qxe6 19. Rd3 Bxc3 20. Rxc3 Nxe4 21. Re3 Qg4 22. Rde1 Qxh4 23. Rxe4 Qxf2+ 24. Kh1 Qf1+ 0-1